South America Map Quiz - Statistics

General Stats
  • This quiz has been taken 72 times
  • The average score is 9 of 12
Answers on the Map
Answers color-coded by a green-red scale on the quiz's map according to % correct below.
 
Answer Stats
Answer % Correct
Chile
92%
Brazil
89%
Argentina
87%
Paraguay
84%
Columbia
79%
Peru
79%
Ecuador
76%
Venezuela
76%
Bolivia
71%
Uruguay
68%
Suriname
63%
Guyana
61%
No matching quizzes found
Score Distribution
Percent of People with Each Score
Percentile by Number Answered
Your Score History
You have not taken this quiz